000 00334nam a2200121Ia 4500
008 150202s9999 xx 000 0 und d
050 _aFIC
_bFIC
100 _aForsyth, Frederick.
245 _aNo comeback /
_cFrederick Forsyth.
260 _aNew York :
_bBantam Books,
_c1983.
300 _a289 pages :
_c18 cm.
650 _aFiction.
999 _c282020
_d282020